|
|
|
|
| LEADER |
01415nam a2200361 a 4500 |
| 001 |
000772026 |
| 003 |
CZ BrMZK |
| 005 |
20050620085336.0 |
| 007 |
ta |
| 008 |
050426s2003 xr erp 000 0 cze d |
| 015 |
|
|
|a cnb001533567
|
| 020 |
|
|
|a 80-248-0370-4
|q (kroužková vazba) :
|c neprodejné
|
| 040 |
|
|
|a BOA001
|b cze
|
| 072 |
|
7 |
|a 514
|x Geometrie
|2 Konspekt
|9 13
|
| 072 |
|
7 |
|a 37.016
|x Učební osnovy. Vyučovací předměty. Učebnice
|2 Konspekt
|9 22
|
| 080 |
|
|
|a 514.124
|2 MRF
|
| 080 |
|
|
|a 514.12
|2 MRF
|
| 080 |
|
|
|a (075.8)
|2 MRF
|
| 100 |
1 |
|
|a Majovská, Renata,
|d 1955-
|7 mzk2005279622
|4 aut
|
| 245 |
1 |
0 |
|a Vzájemná poloha lineárních variet v euklidovském prostoru :
|b průvodce distančním studiem /
|c Renata Majovská
|
| 250 |
|
|
|a 1. vyd.
|
| 260 |
|
|
|a Ostrava :
|b VŠB - Technická univerzita Ostrava, Regionální centrum celoživotního vzdělávání,
|c 2003
|
| 300 |
|
|
|a 23 s. ;
|c 21 cm +
|e 1 CD-ROM
|
| 500 |
|
|
|a 305 výt.
|
| 504 |
|
|
|a Obsahuje bibliografické odkazy
|
| 650 |
0 |
7 |
|a lineární variety
|7 ph297095
|x úlohy
|2 czenas
|
| 650 |
0 |
7 |
|a euklidovská geometrie
|7 ph120031
|x úlohy
|2 czenas
|
| 650 |
0 |
7 |
|a euklidovské prostory
|7 ph120032
|x úlohy
|2 czenas
|
| 655 |
|
7 |
|a učebnice vysokých škol
|7 fd133772
|2 czenas
|
| 910 |
|
|
|a BOA001
|b 2-1151.691
|
| 990 |
|
|
|a BK
|
| 991 |
|
|
|b 200506
|c NOV
|
| 996 |
6 |
|
|b 2610249093
|c 2-1151.691
|l MZK
|r Sklad / do 1 hodiny
|n 1
|p p.v.
|w 000772026
|u 000010
|a 1
|e BOA001
|j MZK50
|s P
|